Sudden Death - Cities with > 5 million - Statistics

General Stats
  • This quiz has been taken 19 times
  • The average score is 6 of 26
Answers on the Grid
Answers color-coded by a green-red scale on the quiz's grid according to % correct below.
Delhi
Nairobi
Saint Petersburg
Alexandria
Santiago
Jinan
Dubai
Ankara
Bagdhad
New York
Seoul
Cairo
Los Angeles
Lima
Wuhan
Dar Es Salaam
Mexico City
Toronto
Sao Paulo
Mumbai
Moscow
Jakarta
Bejiing
Mecca
Dhaka
London
Tokyo
Bangalore
Lahore
Cape Town
Bogota
Bangkok
 
Answer Stats
Answer % Correct
Delhi
100%
Alexandria
45%
New York
45%
Cairo
27%
Dar Es Salaam
27%
Lima
27%
Seoul
27%
Bagdhad
18%
Bangkok
18%
Bogota
18%
Dhaka
18%
Jakarta
18%
Lahore
18%
London
18%
Mexico City
18%
Moscow
18%
Mumbai
18%
Saint Petersburg
18%
Sao Paulo
18%
Tokyo
18%
Ankara
9%
Bangalore
9%
Bejiing
9%
Jinan
9%
Santiago
9%
Wuhan
9%
No matching quizzes found
Score Distribution
Percent of People with Each Score
Percentile by Number Answered
Your Score History
You have not taken this quiz